[Event "47th GRE-chT 2019"]
[Site "Patra"]
[Date "2019.07.05"]
[Round "6.27"]
[White "Pasoglou, Nikoleta"]
[Black "Kouta, Antonia"]
[Result "0-1"]
[WhiteElo "1258"]
[BlackElo "1762"]
[Annotator "NA"]
[PlyCount "138"]
[EventDate "2019.07.02"]
[EventCountry "GRE"]
[SourceTitle "playchess.com"]
[Source "ChessBase"]
[SourceQuality "1"]
[TimeControl "5400+30"]

1. d4 {[%emt 0:00:00]} Nf6 {[%emt 0:00:00]} 2. Nf3 {[%emt 0:00:00]} e6 {[%emt 0:00:04]} 3. e3 {[%emt 0:00:00]} c5 {[%emt 0:07:12]} 4. Bd3 {[%emt 0:00:19]} Nc6 {[%emt 0:02:26]} 5. b3 {[%emt 0:03:03]} b6 {[%emt 0:02:27]} 6. Bb2 {[%emt 0:00:58]} Bb7 {[%emt 0:04:04]} 7. O-O {[%emt 0:00:52]} Be7 {[%emt 0:04:33]} 8. Nbd2 {[%emt 0:01:03]} O-O {[%emt 0:03:56]} 9. c4 {[%emt 0:03:40]} cxd4 {[%emt 0:05:38]} 10. exd4 {[%emt 0:00:41]} d5 {[%emt 0:00:38]} 11. a3 {[%emt 0:08:13]} Rc8 {[%emt 0:04:45]} 12. Rc1 {[%emt 0:02:38]} dxc4 {[%emt 0:06:56]} 13. bxc4 {[%emt 0:00:19]} Bd6 {[%emt 0:04:10]} 14. Qe2 {[%emt 0:16:04]} Qe7 {[%emt 0:03:33]} 15. Ra1 {[%emt 0:03:09]} Rfd8 {[%emt 0:07:35]} 16. Rfe1 {[%emt 0:13:37]} Re8 {[%emt 0:10:36]} 17. Ne5 {[%emt 0:04:27]} Bb8 {[%emt 0:03:30]} 18. Nxc6 {[%emt 0:14:19]} Bxc6 {[%emt 0:01:16]} 19. d5 {[%emt 0:04:40]} Qd6 {[%emt 0:05:23]} 20. Be5 {[%emt 0:02:08]} Qxe5 {[%emt 0:00:36]} 21. Qxe5 {[%emt 0:00:08]} Bxe5 {[%emt 0:00:08]} 22. Rxe5 {[%emt 0:01:43]} exd5 {[%emt 0:00:28]} 23. Rae1 {[%emt 0:07:24]} Rxe5 {[%emt 0:01:49]} 24. Rxe5 {[%emt 0:00:08]} dxc4 {[%emt 0:02:07]} 25. Bxc4 {[%emt 0:00:54]} Re8 {[%emt 0:01:38]} 26. Rxe8+ {[%emt 0:03:22]} Nxe8 {[%emt 0:00:43]} 27. f3 {[%emt 0:01:00]} Nd6 {[%emt 0:00:43]} 28. Bd3 {[%emt 0:03:34]} Kf8 {[%emt 0:03:58]} 29. Kf2 {[%emt 0:00:26]} Ke7 {[%emt 0:01:05]} 30. Ke3 {[%emt 0:00:54]} Nb5 {[%emt 0:04:07]} 31. Nc4 {[%emt 0:01:41]} Nc7 {[%emt 0:02:41]} 32. Ne5 {[%emt 0:01:11]} Bd5 {[%emt 0:02:03]} 33. Kd4 {[%emt 0:03:22]} Kd6 {[%emt 0:02:07]} 34. Nc4+ {[%emt 0:00:31]} Kc6 {[%emt 0:01:43]} 35. Ne3 {[%emt 0:00:28]} Be6 {[%emt 0:00:39]} 36. Kc3 {[%emt 0:00:32]} Nb5+ {[%emt 0:00:43]} 37. Kb2 {[%emt 0:00:30]} Kc5 {[%emt 0:00:38]} 38. Nc2 {[%emt 0:00:30]} Nd6 {[%emt 0:00:29]} 39. Kc3 {[%emt 0:00:25]} b5 {[%emt 0:00:53]} 40. Nd4 {[%emt 0:00:00]} Bd5 {[%emt 0:00:00]} 41. Nc2 {[%emt 0:00:00]} Nc4 {[%emt 0:00:00]} 42. Bf5 {[%emt 0:00:00]} a5 {[%emt 0:00:00]} 43. Bd3 {[%emt 0:00:00]} Ne5 {[%emt 0:00:00]} 44. Bf5 {[%emt 0:00:00]} g6 {[%emt 0:00:00]} 45. Bd3 {[%emt 0:00:00]} Nc6 {[%emt 0:00:00]} 46. Be2 {[%emt 0:00:00]} b4+ {[%emt 0:00:00]} 47. axb4+ {[%emt 0:00:03]} axb4+ {[%emt 0:00:00]} 48. Kb2 {[%emt 0:00:17]} Ne5 {[%emt 0:00:00]} 49. Bd1 {[%emt 0:04:26]} Nc4+ {[%emt 0:03:37]} 50. Kc1 {[%emt 0:00:21]} b3 {[%emt 0:00:54]} 51. Ne1 {[%emt 0:00:29]} Kb4 {[%emt 0:00:32]} 52. Bxb3 {[%emt 0:00:56]} Kxb3 {[%emt 0:00:07]} 53. Kd1 {[%emt 0:00:06]} Kc3 {[%emt 0:00:41]} 54. Ke2 {[%emt 0:00:15]} Ne5 {[%emt 0:01:05]} 55. Ke3 {[%emt 0:00:53]} Nc4+ {[%emt 0:00:22]} 56. Ke2 {[%emt 0:00:35]} Nd6 {[%emt 0:00:30]} 57. Kf2 {[%emt 0:00:44]} Kd2 {[%emt 0:01:12]} 58. g3 {[%emt 0:00:19]} Nf5 {[%emt 0:00:52]} 59. Ng2 {[%emt 0:00:34]} Nd4 {[%emt 0:00:22]} 60. f4 {[%emt 0:00:19]} Be6 {[%emt 0:00:45]} 61. Ne3 {[%emt 0:00:45]} Kd3 {[%emt 0:00:12]} 62. Ng2 {[%emt 0:00:31]} Ke4 {[%emt 0:00:15]} 63. Nh4 {[%emt 0:00:31]} Bh3 {[%emt 0:00:35]} 64. Ng2 {[%emt 0:00:28]} Nf3 {[%emt 0:00:26]} 65. Ne1 {[%emt 0:00:32]} Nxe1 {[%emt 0:00:20]} 66. Kxe1 {[%emt 0:00:04]} Kf3 {[%emt 0:00:03]} 67. Kd2 {[%emt 0:00:11]} Kg2 {[%emt 0:00:19]} 68. Ke3 {[%emt 0:00:14]} Kxh2 {[%emt 0:00:34]} 69. Kf2 {[%emt 0:00:18]} Bg4 {[%emt 0:00:27]} 0-1

[Event "47th GRE-chT 2019"]
[Site "Patra"]
[Date "2019.07.05"]
[Round "6.28"]
[White "Ergazakis, Ioannis"]
[Black "Tsarsitalidis, Konstantinos"]
[Result "0-1"]
[WhiteElo "2281"]
[BlackElo "2001"]
[Annotator "NA"]
[PlyCount "114"]
[EventDate "2019.07.02"]
[EventCountry "GRE"]
[SourceTitle "playchess.com"]
[Source "ChessBase"]
[SourceQuality "1"]
[TimeControl "5400+30"]

1. d4 {[%emt 0:00:19]} Nf6 {[%emt 0:00:00]} 2. c4 {[%emt 0:00:05]} g6 {[%emt 0:00:00]} 3. Nc3 {[%emt 0:00:04]} d5 {[%emt 0:00:00]} 4. Nf3 {[%emt 0:00:05]} Bg7 {[%emt 0:00:00]} 5. h4 {[%emt 0:00:11]} c6 {[%emt 0:00:00]} 6. Bg5 {[%emt 0:01:26]} O-O {[%emt 0:00:00]} 7. Bxf6 {[%emt 0:01:10]} Bxf6 {[%emt 0:00:00]} 8. e3 {[%emt 0:00:12]} Bf5 {[%emt 0:02:09]} 9. h5 {[%emt 0:02:42]} e6 {[%emt 0:03:05]} 10. Qd2 {[%emt 0:05:07]} Nd7 {[%emt 0:05:16]} 11. cxd5 {[%emt 0:02:20]} cxd5 {[%emt 0:04:17]} 12. Bd3 {[%emt 0:13:45]} Bxd3 {[%emt 0:00:07]} 13. Qxd3 {[%emt 0:01:36]} Rc8 {[%emt 0:04:47]} 14. Kf1 {[%emt 0:13:25]} Nb6 {[%emt 0:23:08]} 15. g3 {[%emt 0:01:53]} Nc4 {[%emt 0:02:12]} 16. Rb1 {[%emt 0:03:36]} Qa5 {[%emt 0:04:35]} 17. b4 {[%emt 0:03:41]} Qa3 {[%emt 0:02:42]} 18. Rb3 {[%emt 0:02:02]} Qa6 {[%emt 0:01:56]} 19. Kg2 {[%emt 0:03:02]} Qc6 {[%emt 0:13:37]} 20. b5 {[%emt 0:04:10]} Qd7 {[%emt 0:10:09]} 21. Nh2 {[%emt 0:04:27]} Qe7 {[%emt 0:02:09]} 22. Ng4 {[%emt 0:00:58]} Bg7 {[%emt 0:05:25]} 23. Ne2 {[%emt 0:04:33]} Qg5 {[%emt 0:02:00]} 24. Rh4 {[%emt 0:02:22]} Qf5 {[%emt 0:01:24]} 25. hxg6 {[%emt 0:00:41]} fxg6 {[%emt 0:01:06]} 26. Nh6+ {[%emt 0:00:28]} Bxh6 {[%emt 0:00:06]} 27. Qxf5 {[%emt 0:03:22]} Rxf5 {[%emt 0:00:05]} 28. Rxh6 {[%emt 0:01:46]} Na5 {[%emt 0:03:17]} 29. Rb2 {[%emt 0:03:14]} Rf7 {[%emt 0:00:55]} 30. Nf4 {[%emt 0:00:34]} Re7 {[%emt 0:02:53]} 31. g4 {[%emt 0:06:09]} Rc3 {[%emt 0:03:14]} 32. Rb1 {[%emt 0:02:41]} Rc2 {[%emt 0:00:15]} 33. Rbh1 {[%emt 0:03:07]} Rf7 {[%emt 0:00:45]} 34. g5 {[%emt 0:01:57]} Nc4 {[%emt 0:02:34]} 35. Kf3 {[%emt 0:01:23]} Nd2+ {[%emt 0:01:03]} 36. Kg2 {[%emt 0:01:12]} Ne4 {[%emt 0:00:12]} 37. Rf1 {[%emt 0:00:52]} Nxg5 {[%emt 0:02:12]} 38. Rh2 {[%emt 0:04:04]} Rf6 {[%emt 0:00:21]} 39. a4 {[%emt 0:00:44]} b6 {[%emt 0:00:00]} 40. a5 {[%emt 0:00:00]} Ne4 {[%emt 0:00:00]} 41. axb6 {[%emt 0:00:00]} axb6 {[%emt 0:00:00]} 42. Ra1 {[%emt 0:00:00]} Rxf2+ {[%emt 0:00:00]} 43. Kg1 {[%emt 0:00:00]} Rxh2 {[%emt 0:00:00]} 44. Kxh2 {[%emt 0:00:00]} Nd6 {[%emt 0:00:00]} 45. Ra6 {[%emt 0:00:00]} Nc4 {[%emt 0:00:00]} 46. Kg3 {[%emt 0:00:00]} Kg7 {[%emt 0:00:00]} 47. Ra7+ {[%emt 0:00:00]} Kh6 {[%emt 0:00:00]} 48. Rb7 {[%emt 0:00:00]} Nxe3 {[%emt 0:00:00]} 49. Rxb6 {[%emt 0:00:00]} Nf5+ {[%emt 0:00:00]} 50. Kg4 {[%emt 0:00:00]} Nxd4 {[%emt 0:00:00]} 51. Nxd5 {[%emt 0:00:00]} Rf5 {[%emt 0:00:00]} 52. Nc7 {[%emt 0:00:00]} Rc5 {[%emt 0:00:00]} 53. Rb7 {[%emt 0:00:00]} e5 {[%emt 0:00:00]} 54. b6 {[%emt 0:00:00]} Nf5 {[%emt 0:00:00]} 55. Ne8 {[%emt 0:00:00]} Rc3 {[%emt 0:00:00]} 56. Rxh7+ {[%emt 0:00:00]} Kxh7 {[%emt 0:00:00]} 57. Nf6+ {[%emt 0:00:00]} Kg7 {[%emt 0:00:00]} 0-1

[Event "47th GRE-chT 2019"]
[Site "Patra"]
[Date "2019.07.05"]
[Round "6.29"]
[White "Kazakos, Markos"]
[Black "Loukisas, Dimitrios"]
[Result "1-0"]
[WhiteElo "2069"]
[BlackElo "1898"]
[Annotator "NA"]
[PlyCount "91"]
[EventDate "2019.07.02"]
[EventCountry "GRE"]
[SourceTitle "playchess.com"]
[Source "ChessBase"]
[SourceQuality "1"]
[TimeControl "5400+30"]

1. Nf3 {[%emt 0:00:00]} d5 {[%emt 0:00:10]} 2. g3 {[%emt 0:00:00]} Nf6 {[%emt 0:00:30]} 3. Bg2 {[%emt 0:00:10]} c5 {[%emt 0:00:33]} 4. O-O {[%emt 0:01:03]} Nc6 {[%emt 0:00:06]} 5. d4 {[%emt 0:00:29]} cxd4 {[%emt 0:00:23]} 6. Nxd4 {[%emt 0:00:37]} e5 {[%emt 0:00:09]} 7. Nxc6 {[%emt 0:00:30]} bxc6 {[%emt 0:00:07]} 8. c4 {[%emt 0:00:34]} Be6 {[%emt 0:00:24]} 9. Qa4 {[%emt 0:00:49]} Qd7 {[%emt 0:02:43]} 10. Nc3 {[%emt 0:04:07]} Rc8 {[%emt 0:04:19]} 11. cxd5 {[%emt 0:03:06]} cxd5 {[%emt 0:00:06]} 12. Qxd7+ {[%emt 0:00:07]} Kxd7 {[%emt 0:00:07]} 13. Rd1 {[%emt 0:11:20]} Rc5 {[%emt 0:03:28]} 14. Bg5 {[%emt 0:04:58]} Kc6 {[%emt 0:12:29]} 15. Rac1 {[%emt 0:02:11]} a5 {[%emt 0:01:52]} 16. Be3 {[%emt 0:03:21]} Rxc3 {[%emt 0:06:16]} 17. Rxc3+ {[%emt 0:07:11]} Kb5 {[%emt 0:00:31]} 18. a4+ {[%emt 0:06:53]} Kxa4 {[%emt 0:01:30]} 19. Ra1+ {[%emt 0:00:22]} Kb5 {[%emt 0:00:08]} 20. Rc7 {[%emt 0:00:59]} Bb4 {[%emt 0:02:18]} 21. Rb7+ {[%emt 0:06:22]} Kc4 {[%emt 0:05:26]} 22. Bb6 {[%emt 0:11:32]} Ra8 {[%emt 0:03:36]} 23. e3 {[%emt 0:03:21]} Kd3 {[%emt 0:02:57]} 24. Bc7 {[%emt 0:06:41]} Nd7 {[%emt 0:02:26]} 25. Rxb4 {[%emt 0:00:21]} axb4 {[%emt 0:01:07]} 26. Rxa8 {[%emt 0:00:07]} Kc2 {[%emt 0:00:25]} 27. Rd8 {[%emt 0:13:59]} e4 {[%emt 0:00:52]} 28. Bf1 {[%emt 0:09:56]} Kxb2 {[%emt 0:01:34]} 29. Bb5 {[%emt 0:01:04]} Nc5 {[%emt 0:03:32]} 30. Bd6 {[%emt 0:01:21]} Nb7 {[%emt 0:00:40]} 31. Be5+ {[%emt 0:00:06]} Kc2 {[%emt 0:00:44]} 32. Rb8 {[%emt 0:00:40]} Nc5 {[%emt 0:00:24]} 33. Bd6 {[%emt 0:01:05]} Nd3 {[%emt 0:02:02]} 34. Bxd3+ {[%emt 0:00:59]} exd3 {[%emt 0:00:08]} 35. Bxb4 {[%emt 0:00:07]} d2 {[%emt 0:00:28]} 36. Bxd2 {[%emt 0:00:05]} Kxd2 {[%emt 0:00:08]} 37. Rh8 {[%emt 0:00:22]} g5 {[%emt 0:02:52]} 38. Rxh7 {[%emt 0:01:16]} g4 {[%emt 0:00:08]} 39. Rg7 {[%emt 0:00:20]} Kd3 {[%emt 0:00:22]} 40. Rg8 {[%emt 0:00:00]} Ke4 {[%emt 0:00:00]} 41. Rb8 {[%emt 0:00:00]} Kd3 {[%emt 0:00:00]} 42. Rb4 {[%emt 0:00:00]} Ke2 {[%emt 0:00:00]} 43. Rf4 {[%emt 0:00:00]} Ke1 {[%emt 0:00:00]} 44. h4 {[%emt 0:00:00]} gxh3 {[%emt 0:00:00]} 45. g4 {[%emt 0:00:00]} Ke2 {[%emt 0:00:00]} 46. Kh2 {[%emt 0:00:00]} 1-0

[Event "47th GRE-chT 2019"]
[Site "Patra"]
[Date "2019.07.05"]
[Round "6.30"]
[White "Souchleris, Nikolaos"]
[Black "Tsarsitalidis, Christos"]
[Result "1/2-1/2"]
[WhiteElo "1204"]
[BlackElo "1802"]
[Annotator "NA"]
[PlyCount "61"]
[EventDate "2019.07.02"]
[EventCountry "GRE"]
[SourceTitle "playchess.com"]
[Source "ChessBase"]
[SourceQuality "1"]
[TimeControl "5400+30"]

1. d4 {[%emt 0:00:00]} d5 {[%emt 0:00:00]} 2. Nf3 {[%emt 0:00:00]} Nf6 {[%emt 0:00:00]} 3. e3 {[%emt 0:00:00]} e6 {[%emt 0:00:00]} 4. Bd3 {[%emt 0:00:00]} c5 {[%emt 0:00:00]} 5. b3 {[%emt 0:00:00]} Nc6 {[%emt 0:00:17]} 6. Bb2 {[%emt 0:00:30]} Bd6 {[%emt 0:00:11]} 7. O-O {[%emt 0:00:07]} O-O {[%emt 0:00:12]} 8. c4 {[%emt 0:01:21]} b6 {[%emt 0:00:23]} 9. Nbd2 {[%emt 0:01:10]} Bb7 {[%emt 0:02:33]} 10. Rc1 {[%emt 0:04:49]} Rc8 {[%emt 0:02:42]} 11. Qe2 {[%emt 0:05:09]} Re8 {[%emt 0:05:01]} 12. Rfd1 {[%emt 0:10:02]} Qe7 {[%emt 0:19:02]} 13. Bb1 {[%emt 0:15:46]} Rcd8 {[%emt 0:09:23]} 14. h3 {[%emt 0:03:34]} h6 {[%emt 0:07:05]} 15. Re1 {[%emt 0:04:54]} cxd4 {[%emt 0:00:51]} 16. exd4 {[%emt 0:08:09]} Bb4 {[%emt 0:15:28]} 17. Qd3 {[%emt 0:06:52]} g6 {[%emt 0:05:57]} 18. Qe3 {[%emt 0:02:00]} Kg7 {[%emt 0:04:59]} 19. Re2 {[%emt 0:03:21]} Ba3 {[%emt 0:01:10]} 20. Bxa3 {[%emt 0:00:04]} Qxa3 {[%emt 0:02:49]} 21. Rce1 {[%emt 0:04:00]} Ba6 {[%emt 0:04:37]} 22. Ne5 {[%emt 0:12:54]} dxc4 {[%emt 0:06:05]} 23. Nxc6 {[%emt 0:03:57]} Rc8 {[%emt 0:01:46]} 24. Nxa7 {[%emt 0:01:31]} Rc7 {[%emt 0:00:41]} 25. Nxc4 {[%emt 0:00:15]} Bxc4 {[%emt 0:00:12]} 26. bxc4 {[%emt 0:00:15]} Qxa7 {[%emt 0:01:04]} 27. Qb3 {[%emt 0:01:12]} Rd8 {[%emt 0:00:49]} 28. Rd2 {[%emt 0:02:38]} Qa6 {[%emt 0:06:47]} 29. Rc1 {[%emt 0:06:53]} Qa5 {[%emt 0:01:34]} 30. Rcd1 {[%emt 0:01:28]} Rdc8 {[%emt 0:01:19]} 31. Bd3 {[%emt 0:00:53]} 1/2-1/2

[Event "47th GRE-chT 2019"]
[Site "Patra"]
[Date "2019.07.05"]
[Round "6.31"]
[White "Tilicheev, Viacheslav"]
[Black "Papaioannou, Ioannis"]
[Result "0-1"]
[WhiteElo "2525"]
[BlackElo "2640"]
[Annotator "TA"]
[PlyCount "142"]
[EventDate "2019.07.02"]
[EventCountry "GRE"]
[SourceTitle "playchess.com"]
[Source "ChessBase"]
[SourceQuality "1"]

{[%evp 9,142,0,42,18,37,0,28,27,29,26,38,29,37,31,46,53,79,82,102,72,99,36,37,28,19,20,29,24,32,10,24,-43,-50,-38,-43,-48,-28,-103,-98,-92,-103,-97,-92,-102,-95,-134,-61,-92,-66,-92,-92,-83,-85,-85,-87,-89,-57,-57,-44,-45,-50,-43,-43,-39,-40,-44,-37,-42,-33,-72,-72,-108,-58,-45,-56,-47,-47,-86,-92,-242,-242,-258,-158,-158,-148,-137,-129,-129,-136,-137,-125,-110,-106,-112,-93,-240,-244,-193,-196,-205,-161,-194,-181,-486,-488,-433,-348,-339,-347,-340,-336,-306,-312,-297,-286,-382,-364,-504,-482,-750,-714,-784,-733,-799,-791,-698,-693,-1145,-1013,-29979,-29980,-29979,-29979,-29957,-6103]} 1. e4 e5 2. Nf3 Nc6 3. Bc4 Nf6 4. d3 h6 5. a4 (5. O-O d6 6. c3 g5 7. Nbd2 Bg7 8. Bb3 Nh5 9. Nc4 Nf4 10. Ne3 Be6 11. d4 exd4 12. Nf5 Bxf5 13. exf5 dxc3 14. bxc3 {½-½ (41) Svidler,P (2735)-Vallejo Pons,F (2693) Karlsruhe/Baden Baden 2019}) 5... d6 6. a5 {C55: Two Knights: 4 d3, 4 d4 exd4 5 e5 and Max Lange Attack} a6 7. Nbd2 g6 8. O-O $146 {White has an edge.} ({Predecessor:} 8. c3 Bg7 9. O-O O-O 10. Re1 Kh7 11. Qb3 Qe8 12. Nf1 Nh5 13. Ng3 {1-0 (76) Krak,T (2284)-Danada,T (2241) Slovakia 2018}) 8... Bg7 9. Re1 O-O 10. Nf1 Nh5 11. c3 Kh7 12. d4 Bg4 13. d5 Nb8 14. Ra3 Nf6 15. Ng3 ({White should try} 15. Ne3 $16) 15... c6 $1 $14 16. dxc6 Nxc6 17. b4 Rc8 18. Ba2 Na7 19. c4 $1 Nc6 20. Bd2 ({White should play} 20. Qa4 $1 $11) 20... Nd4 $15 21. Be3 Nd7 22. Bxd4 exd4 23. h3 (23. Ne2 $11 {keeps the balance.}) 23... Bxf3 $1 $17 24. Qxf3 Ne5 25. Qe2 d3 26. Qd2 Qh4 27. Nf1 h5 ({Don't take} 27... Nxc4 28. Bxc4 Rxc4 29. Rxd3 $15) (27... f5 $17 28. exf5 Rxf5) 28. Rxd3 Bh6 ({Don't play} 28... Nxc4 $6 29. Qe2 $14) 29. Qd1 Nxd3 30. Qxd3 Qf6 31. Rd1 Qb2 32. Qb3 Qe5 33. Bb1 Qf6 34. Bd3 Rb8 35. Ng3 h4 36. Ne2 Bg7 37. Qa4 Rfe8 38. Rc1 Qg5 39. f4 Qd8 40. Rd1 Qc7 41. Kh1 Kg8 42. Rc1 Re7 43. Qd1 Rbe8 44. f5 (44. Qf1 $17 {is a better defense.}) 44... gxf5 $19 45. Nf4 fxe4 46. Nd5 Qd7 47. Bc2 Re5 48. Ba4 Qf5 $1 {aiming for ...e3.} 49. Bxe8 Rxe8 50. Qe2 Qg5 $36 {[%mdl 2048] Black is on the roll.} 51. Rf1 f5 52. Qf2 (52. Ne3 $17 {was worth a try.} Rf8 53. Nd5) 52... e3 53. Qe2 Re4 54. b5 Kh7 55. bxa6 bxa6 56. Rb1 $2 (56. Nb4) 56... Be5 57. Rb3 {[%cal Rb3e3]} Kh6 58. Rxe3 {[#]} Qg3 $1 {[%cal Rg3h2][%mdl 512]} 59. Rxg3 Rxe2 {[%mdl 4096] Endgame KRB-KRN} 60. Re3 Ra2 {( -> ...Ra1+)} 61. Re1 Rxa5 62. Nb4 Bg3 63. Rc1 Ra3 64. Kg1 (64. Rd1 $142 a5 65. Nc2) 64... a5 65. Nd5 a4 66. Ne7 Kg5 67. Rf1 f4 68. Nc8 Rd3 69. Ra1 a3 {Black mates.} 70. Kf1 Re3 71. Nxd6 {[#]} a2 $1 {[%mdl 512] Accuracy: White = 39%, Black = 78%.} 0-1

[Event "47th GRE-chT 2019"]
[Site "Patra"]
[Date "2019.07.05"]
[Round "6.32"]
[White "Postny, Evgeny"]
[Black "Gouloutis, Nikolaos"]
[Result "1/2-1/2"]
[WhiteElo "2601"]
[BlackElo "2367"]
[Annotator "RC"]
[PlyCount "173"]
[EventDate "2019.07.02"]
[EventCountry "GRE"]
[SourceTitle "playchess.com"]
[Source "ChessBase"]
[SourceQuality "1"]
[TimeControl "5400+30"]

1. d4 {[%emt 0:00:00]} Nf6 {[%emt 0:00:00]} 2. c4 {[%emt 0:00:00]} e6 {[%emt 0:00:00]} 3. g3 {[%emt 0:02:14]} d5 {[%emt 0:00:00]} 4. Bg2 {[%emt 0:00:06]} Bb4+ {[%emt 0:00:00]} 5. Nd2 {[%emt 0:00:17]} O-O {[%emt 0:00:00]} 6. Ngf3 {[%emt 0:02:14]} b6 {[%emt 0:00:00]} 7. O-O {[%emt 0:00:49]} Bb7 {[%emt 0:00:00]} 8. Ne5 {[%emt 0:06:32]} a5 {[%emt 0:03:05]} 9. Qc2 {[%emt 0:18:32]} Be7 {[%emt 0:06:20]} 10. Ndf3 {[%emt 0:06:13]} Na6 {[%emt 0:04:28]} 11. cxd5 {[%emt 0:03:59]} exd5 {[%emt 0:02:59]} 12. Nc6 {[%emt 0:00:07]} Nb4 {[%emt 0:00:06]} 13. Nxe7+ {[%emt 0:00:04]} Qxe7 {[%emt 0:00:17]} 14. Qd1 {[%emt 0:01:17]} Rfe8 {[%emt 0:01:14]} 15. a3 {[%emt 0:00:06]} Na6 {[%emt 0:00:22]} 16. Re1 {[%emt 0:02:09]} c5 {[%emt 0:07:44]} 17. Qb3 {[%emt 0:01:58]} Qe6 {[%emt 0:10:30]} 18. Bf4 {[%emt 0:10:37]} h6 {[%emt 0:01:41]} 19. dxc5 {[%emt 0:00:07]} Nxc5 {[%emt 0:04:26]} 20. Qa2 {[%emt 0:04:39]} a4 {[%emt 0:05:22]} 21. Nd4 {[%emt 0:02:27]} Qd7 {[%emt 0:11:54]} 22. Rad1 {[%emt 0:02:34]} Ba6 {[%emt 0:01:05]} 23. Qb1 {[%emt 0:00:07]} Rad8 {[%emt 0:06:45]} 24. Bf3 {[%emt 0:03:25]} Nfe4 {[%emt 0:01:55]} 25. Nc2 {[%emt 0:02:18]} Bc4 {[%emt 0:00:44]} 26. Be3 {[%emt 0:01:37]} Qe6 {[%emt 0:09:59]} 27. Bg2 {[%emt 0:07:14]} Qg6 {[%emt 0:06:18]} 28. Nd4 {[%emt 0:00:10]} Qf6 {[%emt 0:01:00]} 29. Nf3 {[%emt 0:03:47]} Nb3 {[%emt 0:02:54]} 30. Nd4 {[%emt 0:00:13]} Nbc5 {[%emt 0:01:14]} 31. Qc1 {[%emt 0:09:50]} Nb3 {[%emt 0:03:00]} 32. Nxb3 {[%emt 0:00:04]} Bxb3 {[%emt 0:02:28]} 33. Bd4 {[%emt 0:00:12]} Qe6 {[%emt 0:00:30]} 34. Rd3 {[%emt 0:00:05]} Rc8 {[%emt 0:02:24]} 35. Qf4 {[%emt 0:00:20]} g5 {[%emt 0:03:00]} 36. Qe3 {[%emt 0:04:40]} Bc2 {[%emt 0:00:19]} 37. Bxe4 {[%emt 0:00:06]} Qxe4 {[%emt 0:00:24]} 38. Qxe4 {[%emt 0:00:08]} dxe4 {[%emt 0:00:29]} 39. Rd2 {[%emt 0:05:16]} b5 {[%emt 0:00:00]} 40. Rc1 {[%emt 0:00:00]} Bb3 {[%emt 0:00:00]} 41. Rxc8 {[%emt 0:00:00]} Rxc8 {[%emt 0:00:00]} 42. Bc3 {[%emt 0:00:00]} h5 {[%emt 0:00:00]} 43. Rd6 {[%emt 0:00:00]} Be6 {[%emt 0:00:00]} 44. Rb6 {[%emt 0:00:00]} Rc5 {[%emt 0:00:00]} 45. h4 {[%emt 0:00:00]} g4 {[%emt 0:00:00]} 46. Kf1 {[%emt 0:00:00]} Kh7 {[%emt 0:00:00]} 47. Ke1 {[%emt 0:00:00]} Rd5 {[%emt 0:00:00]} 48. Rb8 {[%emt 0:00:00]} Kg6 {[%emt 0:00:00]} 49. Rg8+ {[%emt 0:00:00]} Kh7 {[%emt 0:00:00]} 50. Rh8+ {[%emt 0:00:00]} Kg6 {[%emt 0:00:00]} 51. Bb4 {[%emt 0:00:00]} Kg7 {[%emt 0:00:00]} 52. Rb8 {[%emt 0:00:00]} Kh7 {[%emt 0:00:00]} 53. Bd2 {[%emt 0:00:00]} Rf5 {[%emt 0:00:00]} 54. Rb6 {[%emt 0:00:00]} Kg8 {[%emt 0:00:00]} 55. Rc6 {[%emt 0:00:00]} Kh7 {[%emt 0:00:00]} 56. Rb6 {[%emt 0:00:00]} Kg8 {[%emt 0:00:00]} 57. Ra6 {[%emt 0:00:00]} Kh7 {[%emt 0:00:00]} 58. Ra8 {[%emt 0:00:46]} Bb3 {[%emt 0:00:00]} 59. Rd8 {[%emt 0:03:12]} Rd5 {[%emt 0:00:00]} 60. Re8 {[%emt 0:00:04]} Bc2 {[%emt 0:00:00]} 61. Rc8 {[%emt 0:00:06]} Bb3 {[%emt 0:00:00]} 62. Rc6 {[%emt 0:00:36]} Kg8 {[%emt 0:00:00]} 63. Rc7 {[%emt 0:00:57]} Rd8 {[%emt 0:00:00]} 64. Re7 {[%emt 0:03:06]} Be6 {[%emt 0:00:00]} 65. Rb7 {[%emt 0:00:58]} Bc4 {[%emt 0:00:52]} 66. Bg5 {[%emt 0:00:50]} Rd5 {[%emt 0:02:26]} 67. Re7 {[%emt 0:00:04]} Bb3 {[%emt 0:00:04]} 68. Bd2 {[%emt 0:00:03]} Bc2 {[%emt 0:00:24]} 69. Re8+ {[%emt 0:00:28]} Kh7 {[%emt 0:00:18]} 70. Rf8 {[%emt 0:00:50]} Kg6 {[%emt 0:00:58]} 71. Rg8+ {[%emt 0:00:35]} Kh7 {[%emt 0:00:06]} 72. Rc8 {[%emt 0:00:07]} Bb3 {[%emt 0:00:06]} 73. Rc6 {[%emt 0:00:28]} Kg8 {[%emt 0:00:20]} 74. Rc7 {[%emt 0:00:46]} Rd8 {[%emt 0:00:17]} 75. Re7 {[%emt 0:00:06]} Be6 {[%emt 0:01:11]} 76. Rb7 {[%emt 0:00:49]} Bc4 {[%emt 0:02:36]} 77. Rb6 {[%emt 0:01:57]} Kg7 {[%emt 0:01:43]} 78. Bh6+ {[%emt 0:00:26]} Kg8 {[%emt 0:01:35]} 79. Bd2 {[%emt 0:00:26]} Kg7 {[%emt 0:00:22]} 80. Bc3+ {[%emt 0:00:20]} Kh7 {[%emt 0:01:00]} 81. Rf6 {[%emt 0:02:07]} Be6 {[%emt 0:03:13]} 82. Rf4 {[%emt 0:00:06]} f5 {[%emt 0:00:05]} 83. f3 {[%emt 0:02:41]} exf3 {[%emt 0:00:05]} 84. exf3 {[%emt 0:00:04]} Rd3 {[%emt 0:00:59]} 85. fxg4 {[%emt 0:00:06]} hxg4 {[%emt 0:00:09]} 86. Kf2 {[%emt 0:00:33]} Kg6 {[%emt 0:00:18]} 87. Rd4 {[%emt 0:00:33]} 1/2-1/2